MyGZULibrary

Law for social workers / (Record no. 3294)

MARC details
000 -LEADER
fixed length control field 01141cam a2200301 a 4500
001 - CONTROL NUMBER
control field 12704465
003 - CONTROL NUMBER IDENTIFIER
control field GZU
005 - DATE AND TIME OF LATEST TRANSACTION
control field 20201125081111.0
008 - FIXED-LENGTH DATA ELEMENTS--GENERAL INFORMATION
fixed length control field 020314s2002 enk b 001 0 eng
010 ## - LIBRARY OF CONGRESS CONTROL NUMBER
LC control number 2002024927
020 ## - INTERNATIONAL STANDARD BOOK NUMBER
International Standard Book Number 0754617777 (Hbk. : alk. paper)
020 ## - INTERNATIONAL STANDARD BOOK NUMBER
International Standard Book Number 0754617785 (pbk. : alk. paper)
040 ## - CATALOGING SOURCE
Original cataloging agency DLC
Transcribing agency DLC
Modifying agency DLC
043 ## - GEOGRAPHIC AREA CODE
Geographic area code e-uk---
050 00 - LIBRARY OF CONGRESS CALL NUMBER
Classification number KD3302
Item number .B35 2002
082 00 - DEWEY DECIMAL CLASSIFICATION NUMBER
Classification number 344.41/0313
Edition number 21
100 1# - MAIN ENTRY--PERSONAL NAME
Personal name Ball, Caroline,
Dates associated with a name 1938-
245 10 - TITLE STATEMENT
Title Law for social workers /
Statement of responsibility, etc. Caroline Ball and Ann McDonald ; with a chapter on Scottish law by Janice McGhee.
250 ## - EDITION STATEMENT
Edition statement 4th ed.
260 ## - PUBLICATION, DISTRIBUTION, ETC.
Place of publication, distribution, etc. Aldershot, Hants ;
-- Burlington, VT. :
Name of publisher, distributor, etc. Ashgate,
Date of publication, distribution, etc. c2002.
300 ## - PHYSICAL DESCRIPTION
Extent xii, 267 p. ;
Dimensions 25 cm.
504 ## - BIBLIOGRAPHY, ETC. NOTE
Bibliography, etc. note Includes bibliographical references (p. 247-257) and index.
650 #0 - SUBJECT ADDED ENTRY--TOPICAL TERM
Topical term or geographic name entry element Social workers
General subdivision Legal status, laws, etc.
Geographic subdivision Great Britain.
700 1# - ADDED ENTRY--PERSONAL NAME
Personal name McDonald, Ann,
Titles and other words associated with a name lecturer in social work
906 ## - LOCAL DATA ELEMENT F, LDF (RLIN)
a 7
b cbc
c orignew
d 1
e ocip
f 20
g y-gencatlg
942 ## - ADDED ENTRY ELEMENTS (KOHA)
Source of classification or shelving scheme Library of Congress Classification
Koha item type Books
Edition 4th ed.
Classification part 3302
Item part BAL
Call number prefix KD
Call number suffix 2002
Holdings
Withdrawn status Lost status Damaged status Not for loan Collection code Home library Current library Shelving location Date acquired Total Checkouts Full call number Barcode Date last seen Copy number Price effective from Koha item type
        Non-fiction City Campus Library City Campus Library General Stacks 11/25/2020   KD3302 BAL 2002 024714 11/25/2020 c.1 11/25/2020 Books